000 00314nam a2200133Ia 4500
008 230818s2005 xx 000 0 und d
041 _aeng
100 _aFlanagam
245 _aThe Management bible
260 _bNew Holland Pub
_c2005
300 _a623p
520 _aReference Copy
999 _c852619
_d852619
650 _aFood Production